Normal view
MARC view
Entry Genre/Form Term
001 - CONTROL NUMBER
- control field: 20327
003 - CONTROL NUMBER IDENTIFIER
- control field: ARRUPE
005 - DATE AND TIME OF LATEST TRANSACTION
- control field: 20151020113026.0
008 - FIXED-LENGTH DATA ELEMENTS
- fixed length control field: 151020|| aca||aabn | a|a d
040 ## - CATALOGING SOURCE
- Original cataloging agency: ARRUPE
- Transcribing agency: ARRUPE
155 ## - HEADING--GENRE/FORM TERM
- Genre/form term: Domestic fiction.
670 ## - SOURCE DATA FOUND
- Source citation: Work cat.: (ARRUPE)0: MacDonald, Ann-Marie, 1958- 20324, Fall on your knees :, 1998, c1996.